[Collection of documents relating to the Quantity Surveyors' Association] (Record no. 116738)
[ view plain ]
| 000 -LEADER | |
|---|---|
| fixed length control field | 00565ctc a22001935a 4500 |
| 001 - CONTROL NUMBER | |
| control field | L141558 |
| 008 - FIXED-LENGTH DATA ELEMENTS--GENERAL INFORMATION | |
| fixed length control field | 071130i19091961xxk eng u |
| 035 ## - SYSTEM CONTROL NUMBER | |
| System control number | (Sirsi) u141558 |
| 041 0# - LANGUAGE CODE | |
| Language code of text/sound track or separate title | eng |
| 110 2# - MAIN ENTRY--CORPORATE NAME | |
| Corporate name or jurisdiction name as entry element | Quantity Surveyors' Association |
| 9 (RLIN) | 3787 |
| 245 01 - TITLE STATEMENT | |
| Title | [Collection of documents relating to the Quantity Surveyors' Association] |
| Medium | [manuscript] |
| 260 ## - PUBLICATION, DISTRIBUTION, ETC. | |
| Date of publication, distribution, etc. | 1909-1961 |
| 300 ## - PHYSICAL DESCRIPTION | |
| Extent | 1 folder |
| Dimensions | 25 x 36 cm. |
| 340 ## - PHYSICAL MEDIUM | |
| Material base and configuration | Printed and manuscript |
| 351 ## - ORGANIZATION AND ARRANGEMENT OF MATERIALS | |
| Hierarchical level | Fonds |
| 651 4# - SUBJECT ADDED ENTRY--GEOGRAPHIC NAME | |
| Geographic name | United Kingdom |
| Chronological subdivision | |
| 690 ## - LOCAL SUBJECT ADDED ENTRY--TOPICAL TERM (OCLC, RLIN) | |
| Topical term or geographic name as entry element | ABOUT RICS-RELATED ORGANISATIONS |
| 942 ## - ADDED ENTRY ELEMENTS (KOHA) | |
| Suppress in OPAC | 0 |
| Withdrawn status | Lost status | Source of classification or shelving scheme | Damaged status | Not for loan | Home library | Current library | Shelving location | Date acquired | Total Checkouts | Full call number | Barcode | Date last seen | Copy number | Price effective from | Koha item type |
|---|---|---|---|---|---|---|---|---|---|---|---|---|---|---|---|
| Dewey Decimal Classification | London | London | Basement | 30/11/2007 | BASMENT | 141558-1001 | 06/08/2019 | 1 | 06/08/2019 | Archive |